000 00569nam a2200217Ia 4500
003 OSt
005 20220928135500.0
006 a|||||r|||| 00| 0
007 ta
008 220927b |||||||| |||| 00| 0 eng d
024 _a2503
037 _cTextual
040 _aSDCL
_cSDCL
_beng
041 _2eng
_aeng
082 _aO-,1K21:g, K8
100 _aWallace John M
_9490953
245 0 _aDestiny his choice
_b The loyalism of Andrew Marvell
260 _c1968
942 _hO-,1K21:g, K8
_cTEXL
_2CC
999 _c806314
_d806314